| 000 | 01450nam a22003857a 4500 | ||
|---|---|---|---|
| 003 | CHAP | ||
| 005 | 20220329143345.0 | ||
| 008 | 081205s2004 mx a r 00010 spa d | ||
| 010 | _a95468 | ||
| 011 | _a96440 | ||
| 020 | _a9703215777 | ||
| 035 | _a107093 | ||
| 040 | _cCHAP | ||
| 082 | 0 | 4 |
_a589.3 _bC21 |
| 100 | 1 |
_aCarmona Jiménez, Javier. _919032 |
|
| 245 | 1 | 0 |
_aAlgas : _bglosario ilustrado _c/por Javier Carmona Jiménez, Marco Antonio Hernández Muñoz y Mónica Ramírez Vázquez |
| 260 |
_aMéxico, D.F. : _bUNAM. Facultad de Ciencias, _c2004 |
||
| 300 |
_avii, 82 p. : _bilus. |
||
| 490 | 4 | _aLas prensas de ciencias | |
| 590 |
_aBATCH-UPD _b10 _c20130110 _lUCH01 _h0540 |
||
| 590 |
_aBATCH-UPD _b10 _c20130410 _lUCH01 _h0221 |
||
| 590 |
_aBATCH-UPD _b10 _c20130410 _lUCH01 _h1641 |
||
| 590 |
_aBATCH-UPD _b10 _c20130914 _lUCH01 _h0047 |
||
| 590 |
_aBATCH-UPD _b10 _c20130914 _lUCH01 _h1715 |
||
| 590 |
_aCONVERSION _b10 _c20130109 _lUCH01 _h1353 |
||
| 650 | 1 | 4 |
_aAlgas. _93947 |
| 700 | 1 |
_aHernández Muñoz, Marco Antonio. _954392 |
|
| 700 | 1 |
_aRamírez Vázquez, Mónica. _994337 |
|
| 830 | 4 |
_aLas prensas de ciencias _965007 |
|
| 901 | _aBK | ||
| 942 | _cLIBRO | ||
| 949 |
_a589.3 C21 _bBC _cC _d33724002076959 _eLIBRO _fc.3 _gI.c/e _h110019 _i107093 _sb _t$100.00 |
||
| 949 |
_a589.3 C21 _bBC _cC _d33724002076991 _eLIBRO _fc.2 _gI.c/e _h110018 _i107093 _sb _t$100.00 |
||
| 949 |
_a589.3 C21 _bBC _cC _d33724002077033 _eLIBRO _gI.c/e _h110017 _i107093 _sb _t$100.00 |
||
| 999 |
_c95468 _d95468 |
||